Rozlišovanie konsignačného skladu a "call off" skladu
Konsignačný sklad je sklad tovaru pre zahraničného zákazníka, ktorý je stále vlastníctvom dodávateľa, pričom platbu za tovar prijíma dodávateľ vtedy, keď ho zahraničný zákazník predá. Sklad typu „call-off“ je taký, v ktorom je uskladnený tovar vo vlastníctve zahraničnej osoby, a takýto tovar je urče...
Guardado en:
| Autor principal: | |
|---|---|
| Formato: | Capítulo de libro |
| Lenguaje: | eslovaco |
| Materias: | |
| Etiquetas: |
Sin Etiquetas, Sea el primero en etiquetar este registro!
|
MARC
| LEADER | 00000nla a2200000 4500 | ||
|---|---|---|---|
| 001 | 0199237 | ||
| 005 | 20240502073352.3 | ||
| 041 | 0 | |a slo | |
| 044 | |a SK | ||
| 245 | 1 | 0 | |a Rozlišovanie konsignačného skladu a "call off" skladu |c Juraj Válek |
| 520 | |a Konsignačný sklad je sklad tovaru pre zahraničného zákazníka, ktorý je stále vlastníctvom dodávateľa, pričom platbu za tovar prijíma dodávateľ vtedy, keď ho zahraničný zákazník predá. Sklad typu „call-off“ je taký, v ktorom je uskladnený tovar vo vlastníctve zahraničnej osoby, a takýto tovar je určený pre jedného vopred známeho odberateľa. Pri oboch typoch skladov vyplývajú povinnosti predkladať hlásenia a zároveň majú povinnosti, ktoré subjektom vznikajú podľa zákona o DPH. | ||
| 610 | 2 | 0 | |a sklady |
| 610 | 2 | 0 | |a dodávatelia |
| 610 | 2 | 0 | |a odberatelia |
| 610 | 2 | 0 | |a dovoz |
| 610 | 2 | 0 | |a obchod zahraničný |
| 610 | 2 | 0 | |a dane |
| 100 | 1 | |a Válek, Juraj, 1981- | |